00655cam a22001337a 4500008004000000082001700040245022500057260004600282300001100328650004300339700003200382999001900414952008800433180718b2001 xxu||||| |||| 00| 0 eng d aR153096 ST73 aStopping forced labour: global report under the follow-up to the ILO declaration on fundamental principles and rights at work (International Labour Conference, 89th session 2001, report I(B))cInternational Labour Office aGenevabInternational Labour Officec2001 a128+p. aForced labour - Conference proceedings aInternational Labour Office c490484d490484 00104070aIIPAbIIPAd2018-08-04oR153096 ST73pG20161r2018-08-04w2018-08-04yG